Information nation : seven keys to information management compliance (E-Book) (Record no. 193196)

000 -LEADER
fixed length control field 01050 a2200277 4500
003 - CONTROL NUMBER IDENTIFIER
control field Nust
005 - DATE AND TIME OF LATEST TRANSACTION
control field 20170207154053.0
010 ## - LIBRARY OF CONGRESS CONTROL NUMBER
LC control number 2008047044
020 ## - INTERNATIONAL STANDARD BOOK NUMBER
International Standard Book Number 0470453117 (pbk.)
020 ## - INTERNATIONAL STANDARD BOOK NUMBER
International Standard Book Number 9780470453117 (pbk.)
035 ## - SYSTEM CONTROL NUMBER
System control number (OCoLC)ocn255894052
040 ## - CATALOGING SOURCE
Transcribing agency Nust
082 00 - DEWEY DECIMAL CLASSIFICATION NUMBER
Classification number 658.4038
100 1# - MAIN ENTRY--PERSONAL NAME
Personal name Randolph A. Kahn, Barclay T. Blair.
245 10 - TITLE STATEMENT
Title Information nation : seven keys to information management compliance (E-Book)
Statement of responsibility, etc. Randolph A. Kahn, Barclay T. Blair.
250 ## - EDITION STATEMENT
Edition statement 2nd ed.
260 ## - PUBLICATION, DISTRIBUTION, ETC.
Place of publication, distribution, etc. Indianapolis, IN :
Name of publisher, distributor, etc. Wiley Pub.,
Date of publication, distribution, etc. c2009.
300 ## - PHYSICAL DESCRIPTION
Extent xiv, 256 p. ;
Dimensions 23 cm.
650 #0 - SUBJECT ADDED ENTRY--TOPICAL TERM
Topical term or geographic name entry element Business records
General subdivision Data processing
-- Management.
650 #0 - SUBJECT ADDED ENTRY--TOPICAL TERM
Topical term or geographic name entry element Business records
General subdivision Law and legislation
Geographic subdivision United States.
650 #0 - SUBJECT ADDED ENTRY--TOPICAL TERM
Topical term or geographic name entry element Disclosure of information
General subdivision Law and legislation
Geographic subdivision United States.
650 #0 - SUBJECT ADDED ENTRY--TOPICAL TERM
Topical term or geographic name entry element Information technology
Geographic subdivision United States
General subdivision Management.
650 #0 - SUBJECT ADDED ENTRY--TOPICAL TERM
Topical term or geographic name entry element Management information systems
Geographic subdivision United States.
651 ## - SUBJECT ADDED ENTRY--GEOGRAPHIC NAME
Geographic name Information nation : seven keys to information management compliance (E-Book)
700 1# - ADDED ENTRY--PERSONAL NAME
Personal name Blair, Barclay T.
942 ## - ADDED ENTRY ELEMENTS (KOHA)
Source of classification or shelving scheme
Koha item type Book
Holdings
Withdrawn status Lost status Source of classification or shelving scheme Damaged status Not for loan Collection code Permanent Location Current Location Date acquired Total Checkouts Full call number Barcode Date last seen Price effective from Koha item type
            Military College of Signals (MCS) Military College of Signals (MCS) 12/12/2016   658.4038 KAH MCSEB-2895 12/08/2016 12/12/2016 Book
© 2023 Central Library, National University of Sciences and Technology. All Rights Reserved.